000
00300nam a22001337a 4500
008
170710b xxu||||| |||| 00| 0 eng d
020
_a
9780122991004
041
_a
eng
080
_2
3RD
_a
61
100
_a
4
101
_a
SHM
245
_a
PRIMER ON KIDNEY DISEASES
_c
GREENBERG, A
942
_2
udc
_c
BK
999
_c
20127
_d
20127